书目信息 |
| 题名: |
凯恩斯主义的发展和演变
|
|
| 作者: | 胡代光 , 厉以宁 , 袁东明 著 | |
| 分册: | ||
| 出版信息: | 北京 清华大学出版社 2004.1 |
|
| 页数: | 201页 | |
| 开本: | 25cm | |
| 丛书名: | ||
| 单 册: | ||
| 中图分类: | F091.348 | |
| 科图分类: | ||
| 主题词: | 凯恩斯主义--kai en si zhu yi--经济思想史--研究 , 凯恩斯主义--kai en si zhu yi , 经济思想史--jing ji si xiang shi | |
| 电子资源: | ||
| ISBN: | 7-302-07630-8 | |
| 000 | 01148cam0 2200289 450 | |
| 001 | 012005010846 | |
| 005 | 20051110101010.1 | |
| 010 | @a7-302-07630-8@b精装@dCNY29.00 | |
| 100 | @a20050716d2004 emky0chiy0121 ea | |
| 101 | 0 | @achi |
| 102 | @aCN@b110000 | |
| 105 | @ay z 000yy | |
| 200 | 1 | @a凯恩斯主义的发展和演变@Akai en si zhu yi de fa zhan he yan bian@f胡代光,厉以宁,袁东明著 |
| 210 | @a北京@c清华大学出版社@d2004.1 | |
| 215 | @a201页@d25cm | |
| 320 | @a有书目(第199-201页) | |
| 330 | @a本书详细分析和梳理了凯恩斯主义经济学的发展和演变脉络,20世纪30年代资本主义世界经济大危机后,出现了“凯恩斯革命”,形成了凯恩斯经济学,并发展为凯恩斯主义的两大支派——新古典综合派和新剑桥学派,从而在20世纪五六十年代成为西方经济学界的“新正统”。 | |
| 606 | 0 | @a凯恩斯主义@Akai en si zhu yi@x经济思想史@x研究 |
| 606 | 0 | @a凯恩斯主义@Akai en si zhu yi |
| 606 | 0 | @a经济思想史@Ajing ji si xiang shi |
| 690 | @aF091.348@v4 | |
| 701 | 0 | @a胡代光@Ahu dai guang@4著 |
| 701 | 0 | @a厉以宁@Ali yi ning@4著 |
| 701 | 0 | @a袁东明@Ayuan dong ming@4著 |
| 801 | 0 | @aCN@bSRXX@c20040531 |
| 801 | 2 | @aCN@bSRXX@c20051110 |
| 905 | @a10447@dF091.348@eH462 | |
| 凯恩斯主义的发展和演变/胡代光,厉以宁,袁东明著.-北京:清华大学出版社,2004.1 |
| 201页;25cm |
| ISBN 7-302-07630-8(精装):CNY29.00 |
| 本书详细分析和梳理了凯恩斯主义经济学的发展和演变脉络,20世纪30年代资本主义世界经济大危机后,出现了“凯恩斯革命”,形成了凯恩斯经济学,并发展为凯恩斯主义的两大支派——新古典综合派和新剑桥学派,从而在20世纪五六十年代成为西方经济学界的“新正统”。 |
| ● |
| 相关链接 |
|
|
|
正题名:凯恩斯主义的发展和演变
索取号:F091.348/H462
 
预约/预借
| 序号 | 登录号 | 条形码 | 馆藏地/架位号 | 状态 | 备注 |
| 1 | 544630 | 205446301 | 社科库409/409社科库 66排2列2层/ [索取号:F091.348/H462] | 在馆 | |
| 2 | 544631 | 205446310 | 社科库409/409社科库 66排2列2层/ [索取号:F091.348/H462] | 在馆 | |
| 3 | 544632 | 205446329 | 社科库409/409社科库 66排2列2层/ [索取号:F091.348/H462] | 在馆 |